Najlepsi strzelcy w historii reprezentacji Portugalii - Statystyki

Ogólne statystyki
  • Ten quiz został rozwiązany 135 razy
  • Średni wynik to 5 z 10
Statystyki odpowiedzi
Miejsce Gole Piłkarze % Poprawnych
1. 102 Cristiano Ronaldo
100%
3. 35 Eusebio
84%
4. 31 Lusi Figo
79%
7. 24 Nani
64%
2. 47 Pauleta
48%
10. 22 Rui Costa
48%
5. 29 Nuno Gomes
27%
6. 27 Helder Postiga
13%
8. 22 Joao Pinto
11%
9. 22 Simao
7%
Nie znaleziono quizów pasujących do podanych kryteriów
Rozkład punktacji
Procent ludzi z każdym wynikiem
Percentyl według liczby udzielonych odpowiedzi
Twoja historia wyników
Nie rozwiązałeś tego quizu